| 000 | 00666nam a2200205Ia 4500 | ||
|---|---|---|---|
| 003 | GCL | ||
| 008 | 140319s9999 xx 000 0 ara d | ||
| 040 |
_aGCL / _cGCL |
||
| 082 | 0 | 4 |
_aد _b050 |
| 100 | 1 | _aجان الكسان | |
| 245 | 1 | 0 |
_aالسينما فى الوطن العربى (عالم المعرفة 51) / _cجان الكسان |
| 300 | _a441 ص | ||
| 490 |
_aعالم المعرفة _v0 |
||
| 650 | 0 | 4 | _aالافلام السينمائية |
| 650 | 0 | 4 | _aالسينما |
| 650 | 0 | 4 | _aالسينما - نقد |
| 650 | 0 | 4 | _aالافلام السينمائية - الرقابة |
| 650 | 0 | 4 | _aالسينما - العالم العربى |
| 942 |
_2ddc _cBK |
||
| 999 |
_c50367 _d50367 |
||